Deal or no deal? (Record no. 84404)

MARC details
000 -LEADER
fixed length control field 00696cab a22001935a 4500
001 - CONTROL NUMBER
control field L157492
008 - FIXED-LENGTH DATA ELEMENTS--GENERAL INFORMATION
fixed length control field 121219e2012 xxk 000 0 eng d
035 ## - SYSTEM CONTROL NUMBER
System control number (Sirsi) u157492
041 0# - LANGUAGE CODE
Language code of text/sound track or separate title eng
100 1# - MAIN ENTRY--PERSONAL NAME
Personal name Thomas, Alan
245 00 - TITLE STATEMENT
Title Deal or no deal?
260 ## - PUBLICATION, DISTRIBUTION, ETC.
Date of publication, distribution, etc. 2012
490 ## - SERIES STATEMENT
Series statement RICS Building Control
Volume/sequential designation December-January 2012, 18-19(2)
520 ## - SUMMARY, ETC.
Summary, etc. An exploration of the Green Deal and the opportunities it presents for assessors and installers.
651 #4 - SUBJECT ADDED ENTRY--GEOGRAPHIC NAME
Geographic name United Kingdom
Chronological subdivision
690 ## - LOCAL SUBJECT ADDED ENTRY--TOPICAL TERM (OCLC, RLIN)
Topical term or geographic name as entry element Environment
9 (RLIN) 6238
856 40 - ELECTRONIC LOCATION AND ACCESS
Uniform Resource Identifier <a href="https://www.rics.org/RICSservices/RICSjournalsandmagazines/RICSBuildingControlJournal/">https://www.rics.org/RICSservices/RICSjournalsandmagazines/RICSBuildingControlJournal/</a>
Public note View the journal free of charge at www.rics.org/journals...
942 ## - ADDED ENTRY ELEMENTS (KOHA)
Suppress in OPAC 0
Holdings
Withdrawn status Lost status Source of classification or shelving scheme Damaged status Not for loan Home library Current library Shelving location Date acquired Total Checkouts Full call number Barcode Date last seen Copy number Price effective from Koha item type
    Dewey Decimal Classification     Virtual Virtual Online 19/12/2012   ONLINE PUBLICATION 157492-2001 06/08/2019 1 06/08/2019 Journal article